|
|
|
|
| LEADER |
01382nam a2200289 i 4500 |
| 001 |
c000304143 |
| 003 |
CARM |
| 005 |
00000000000000.0 |
| 008 |
840302s1970 enk 0 eng d |
| 019 |
1 |
|
|a 601736
|z 28055243
|z 57510243
|5 LACONCORD2021
|
| 020 |
|
|
|a 0080166377
|
| 020 |
|
|
|a 0080164528
|
| 035 |
|
|
|a (OCoLC)302996
|5 LACONCORD2021
|
| 082 |
0 |
4 |
|a 614.8/39/08 s
|a 616.07/572/028
|
| 110 |
2 |
|
|a International Commission on Radiological Protection.
|b Committee 3.
|
| 245 |
1 |
0 |
|a Protection of the patient in X-ray diagnosis :
|b a report /
|c prepared by a task group of Committee 3 of the International Commission on Radiological Protection, adopted by the Commission in November 1969.
|
| 246 |
3 |
|
|a Protection against ionizing radiation from external sources
|
| 260 |
|
|
|a Oxford :
|b Pergamon Press,
|c 1970.
|
| 300 |
|
|
|a 46 p. :
|b ill. ;
|c 25 cm.
|
| 500 |
|
|
|a "Supplements... Committee 3 Report on Protection against ionizing radiation from external sources.".
|
| 504 |
|
|
|a Includes bibliographical references.
|
| 650 |
|
0 |
|a Radiography, Medical
|x Safety measures.
|
| 650 |
|
0 |
|a X-rays
|x Safety measures.
|
| 830 |
|
0 |
|a ICRP publication ;
|v 16.
|
| 852 |
8 |
|
|b CARM
|h A1:AR29C0
|i C11072
|p 0501925
|f BK
|
| 999 |
f |
f |
|i 4eddacb4-378c-59bd-8635-817f8e688dce
|s c2129d3f-e6f3-5a1a-b67a-ea65b9108f95
|
| 952 |
f |
f |
|p Can circulate
|a CAVAL
|b CAVAL
|c CAVAL
|d CARM 1 Store
|e C11072
|f A1:AR29C0
|h Other scheme
|i book
|m 0501925
|